000 00424pab a2200169 454500
008 180718b1984 xxu||||| |||| 00| 0 eng d
100 _aVyas, Arvind
245 _aThe Soviet planning system: Some reflections
260 _c1984
300 _ap.806-826.
362 _aJul-Sep
650 _aPlanning
650 _aEconomic planning
773 _aIndian Journal of Public Administration
908 _aN
909 _a88671
999 _c88671
_d88671